World environmental problems / (Record no. 1391)

MARC details
000 -LEADER
fixed length control field 00860cam a2200277 a 4500
001 - CONTROL NUMBER
control field 1864764
003 - CONTROL NUMBER IDENTIFIER
control field OSt
005 - DATE AND TIME OF LATEST TRANSACTION
control field 20230619153630.0
008 - FIXED-LENGTH DATA ELEMENTS--GENERAL INFORMATION
fixed length control field 830215s1981 stkab 000 0 eng
010 ## - LIBRARY OF CONGRESS CONTROL NUMBER
LC control number 82125569
020 ## - INTERNATIONAL STANDARD BOOK NUMBER
International Standard Book Number 0702803766
020 ## - INTERNATIONAL STANDARD BOOK NUMBER
International Standard Book Number 0715720236 (Holmes McDougall)
040 ## - CATALOGING SOURCE
Original cataloging agency DLC
Transcribing agency DLC
Modifying agency DLC
050 00 - LIBRARY OF CONGRESS CALL NUMBER
Classification number TD170.2
Item number .M33 1981
082 00 - DEWEY DECIMAL CLASSIFICATION NUMBER
Classification number 304.2
Edition number 19
Item number MAC
100 1# - MAIN ENTRY--PERSONAL NAME
Personal name Maclean, Kenneth.
245 10 - TITLE STATEMENT
Title World environmental problems /
Statement of responsibility, etc. Kenneth Maclean and Norman Thomson.
250 ## - EDITION STATEMENT
Edition statement 1st ed.
260 ## - PUBLICATION, DISTRIBUTION, ETC. (IMPRINT)
Place of publication, distribution, etc. Edinburgh :
Name of publisher, distributor, etc. Bartholomew :
-- Holmes McDougall,
Date of publication, distribution, etc. 1981.
300 ## - PHYSICAL DESCRIPTION
Extent 67 p. :
Other physical details ill. (some col.), col. maps ;
Dimensions 30 cm.
650 #0 - SUBJECT ADDED ENTRY--TOPICAL TERM
Topical term or geographic name as entry element Environmental protection
General subdivision Atlases.
650 #0 - SUBJECT ADDED ENTRY--TOPICAL TERM
Topical term or geographic name as entry element Human ecology
General subdivision Atlases.
700 1# - ADDED ENTRY--PERSONAL NAME
Personal name Thomson, Norman,
Dates associated with a name 1933-2013.
906 ## - LOCAL DATA ELEMENT F, LDF (RLIN)
a 7
b cbc
c orignew
d 3
e ncip
f 19
g y-gencatlg
942 ## - ADDED ENTRY ELEMENTS (KOHA)
Source of classification or shelving scheme Dewey Decimal Classification
Koha item type Books
Holdings
Withdrawn status Lost status Source of classification or shelving scheme Damaged status Not for loan Home library Current library Date acquired Total Checkouts Full call number Barcode Date last seen Price effective from Koha item type
    Dewey Decimal Classification     County Hall Archives County Hall Archives 06/19/2023   304.2 MAC 10002194 06/19/2023 06/19/2023 Books
LIBRARY OPENING HOURS

When the Parliament is sitting: 8.00a.m - 7.00p.m or until the house adjourns
Mondays and Fridays and when the House is on Recess:  8.00a.m - 5.00p.m
Closed on Weekends and Public Holidays

Online Public Access Catalog (OPAC)
Website: http://www.parliament.go.ke
Bunge Library: https://libraryir.parliament.go.ke
Contact: library@parliament.go.ke | Tel no: (254-2)2221291 or 2848000 Ext 5043